000
00313nam a22001337a 4500
008
170510b xxu||||| |||| 00| 0 eng d
020
_a
9780314923080
041
_a
eng
080
_a
342
100
_a
15
101
_a
SHJ
245
_a
FEDERAL CIVIL JUDICAL PROCEDURE AND RULES
_c
WEST.TH
942
_2
udc
_c
BK
999
_c
13058
_d
13058